|
|
|
|
| LEADER |
00787cam a2200229 7i4500 |
| 001 |
0000067876 |
| 005 |
20220405090000.0 |
| 020 |
|
|
|a 9780871406613 (hardback)
|
| 090 |
0 |
0 |
|a BD161
|b .L37 2016
|
| 100 |
1 |
|
|a Lynch, Michael Patrick
|
| 245 |
1 |
4 |
|a The Internet of us :
|b knowing more and understanding less in the age of Big Data
|c Michael Patrick Lynch.
|
| 264 |
|
|
|a New York:
|b W.W. Norton & Company,
|c 2016.
|
| 300 |
|
|
|a xviii, 237 pages;
|c 25 cm.
|
| 336 |
|
|
|a text
|2 rdacontent
|
| 337 |
|
|
|a unmediated
|2 rdamedia
|
| 338 |
|
|
|a volume
|2 rdacarrier
|
| 650 |
|
0 |
|a Information technology
|
| 650 |
|
0 |
|a Knowledge, Theory of
|
| 650 |
|
0 |
|a Internet
|
| 997 |
|
|
|a Selangor Business School
|
| 998 |
|
|
|a Business Administration, Master
|
| 999 |
|
|
|a SBS0000479
|b BOK
|c OPEN SHELF
|e 1st Floor, Bestari Jaya
|